000 00688nam a2200253Ia 4500
003 OSt
005 20220926044215.0
006 a|||||r|||| 00| 0
007 ta
008 220923b |||||||| |||| 00| 0 eng d
037 _cGeneral Book
040 _aRTL
_cRTL
_beng
041 _2eng
_aeng
082 _aY74491.M, A
100 _aMouat Frederic J
_9106226
245 0 _aAndaman Islanders
260 _c1863
300 _a367p
_ccm.
490 _aPublished Previously as Adventure and Researches among the Andaman
500 _aAppendix: P 345-67
650 _aIndian Society
942 _hY74491.M, A
_cGB
_2CC
999 _c674258
_d674258